|
|
|
|
| LEADER |
00000nta a2200000 i 4500 |
| 001 |
dolg38188 |
| 005 |
20211112085828.0 |
| 008 |
211112s2014 hu om 000 hun d |
| 040 |
|
|
|a BGE Dolgozattár Repozitórium
|b hun
|
| 041 |
|
|
|a hu
|
| 100 |
1 |
|
|a Polák Anikó
|
| 245 |
1 |
0 |
|a Kézi zálogkölcsön, avagy A jelen záloga a szolgáltatásmarketing ismérvei szerint
|c Polák Anikó
|h [elektronikus dokumentum]
|
| 260 |
|
|
|c 2014
|
| 695 |
|
|
|a Szolgáltatásmarketing
|
| 695 |
|
|
|a Záloghitelezés
|
| 700 |
1 |
|
|a Nincs adat Nincs adat
|e ths
|
| 856 |
4 |
0 |
|u http://dolgozattar.uni-bge.hu/38188/1/D_17050_XFKWY0%20-%20Pol%C3%A1k%20Anik%C3%B3.pdf
|z Dokumentum-elérés
|